Welcome to CU Library Online Public Access Catalogue (OPAC)

Hated without a cause : (Record no. 3948)

MARC details
000 -LEADER
fixed length control field 00422nam a22001577a 4500
005 - DATE AND TIME OF LATEST TRANSACTION
control field 20250218142225.0
008 - FIXED-LENGTH DATA ELEMENTS--GENERAL INFORMATION
fixed length control field 250218b |||||||| |||| 00| 0 eng d
020 ## - INTERNATIONAL STANDARD BOOK NUMBER
International Standard Book Number 9780853647836
050 ## - LIBRARY OF CONGRESS CALL NUMBER
Classification number BS 2545 KEI
Item number 1
100 ## - MAIN ENTRY--PERSONAL NAME
Personal name KEITH, Graham
245 ## - TITLE STATEMENT
Title Hated without a cause :
Remainder of title A survey of anti-semitism
260 ## - PUBLICATION, DISTRIBUTION, ETC.
Place of publication, distribution, etc. London
Name of publisher, distributor, etc. paternoster press
Date of publication, distribution, etc. 1997c
300 ## - PHYSICAL DESCRIPTION
Extent x,301p
500 ## - GENERAL NOTE
General note Biblical ref.
942 ## - ADDED ENTRY ELEMENTS (KOHA)
Source of classification or shelving scheme Library of Congress Classification
Koha item type Books
Suppress in OPAC No
999 ## -
-- 3948
-- 3948
Holdings
Withdrawn status Lost status Source of classification or shelving scheme Damaged status Not for loan Collection Home library Current library Shelving location Date acquired Total checkouts Full call number Barcode Date last seen Copy number Price effective from Koha item type
    Library of Congress Classification     Non-fiction Graduate Library (Christ Temple) Graduate Library (Christ Temple) General stacks 02/18/2025   BS 2545 KEI GSCT00000525 02/18/2025 1 02/18/2025 Books
© 2023-2024 Copyright: Central University Libraries. All Rights Reserved | Created by: Mahone Tech Office